| 000 | 00506nam a2200193Ia 4500 | ||
|---|---|---|---|
| 003 | GCL | ||
| 008 | 140319s9999 xx 000 0 eng d | ||
| 040 |
_aGCL / _cGCL |
||
| 082 | 0 | 4 |
_a892.7 _bS A |
| 100 | 1 | _aSHERIF, NUR | |
| 245 | 1 | 0 |
_aABOUT ARABIC BOOKS / _cSHERIF, NUR |
| 260 |
_a[S.N] : _bBEIRUT ARAB UNIVERSITY ، _c1970 |
||
| 300 | _a113 P | ||
| 490 |
_aBEIRUT ARAB UNIVERSITY _v0 |
||
| 650 | 0 | 4 | _aHISTORY AND CRITICISM |
| 650 | 0 | 4 | _aARABIC LITERATURE |
| 650 | 0 | 4 | _aARABIC BOOKS |
| 942 |
_2ddc _cBK |
||
| 999 |
_c19694 _d19694 |
||